000 00288nam a22001217a 4500
008 170609b xxu||||| |||| 00| 0 eng d
041 _aeng
080 _24 ED
_a338
100 _a19
101 _aSHP
245 _aTHE POLITICAL ECONOMY OF DEVELOPMENT
_cWILBER.CH.K
942 _2udc
_cBK
999 _c16601
_d16601